000 00399nam a2200145 i 4500
001 bg
100 1 _aBRANDALSKA, Elżbieta
245 0 _aOpracowanie dokumentacyjne i wydawnictwa informacyjne w placówkach informacyjnych /
_cElżbieta Brandalska.
260 _aWarszawa,
_c1976.
040 _cBPK
041 _apol
080 _a002.6
942 _cKS
008 s pl f |000 0 pol
999 _c27520
_d27520
856 _uhttp://koha.tu.koszalin.pl/cgi-bin/koha/opac-detail.pl?biblionumber=27520
_yKatalog online BPK